000 00991nam a22002657a 4500
999 _c18026
_d18026
003 AR-CdUCM
008 190409b ||||| |||| 00| 0 spa d
040 _aMUNICIPALIDAD PROVINCIAL DEL CUSCO
_cBIBLIOTECA MUNICIPAL DEL CUSCO
082 _a869.554/M23
_bM23
100 _aMatto de Turner, Clorinda
_9719
245 _aViaje de recreo :
_bEspaña, Francia, Inglaterra, Italia, Suiza y Alemania 1908 /
260 _aCusco :
_bMercantil,
_c1997.
300 _a363 páginas ;
_bilustraciones,
_c23 cm.
505 _aContenido: Salida de Buenos Aires -- España -- Francia -- Inglaterra -- Italia -- Suiza -- Alemania ...
650 _aEuropa
_91221
650 _aDescripciones y viajes
_9497
650 _aSiglo XX
_98
650 _aLiteratura cusqueña
_946790
650 _aLiteratos cusqueños
_944145
650 _aEscritores cusqueños
_910661
650 _aNarrativa cusqueña
_910453
710 _aMunicipalidad Provincial del Cusco
_946791
942 _2ddc
_cLIBROS
945 _arcc